| Tag |
First Indicator |
Second Indicator |
Subfields |
| LEADER |
00000cam a2200000 i 4500 |
| 001 |
in00004017331 |
| 008 |
161209t20182018nyua b 000 1 eng |
| 005 |
20240705224750.1 |
| 010 |
|
|
|a 2016029353
|
| 015 |
|
|
|a GBB8E4871
|2 bnb
|
| 016 |
7 |
|
|a 019006913
|2 Uk
|
| 019 |
|
|
|a 1023487369
|a 1050876984
|a 1054844245
|
| 020 |
|
|
|a 9780316431248
|q (hardcover)
|
| 020 |
|
|
|a 0316431249
|q (hardcover)
|
| 020 |
|
|
|z 9780316431231
|q (electronic book)
|
| 024 |
8 |
|
|a 40028727005
|
| 035 |
|
|
|a (OCoLC)ocn965781421
|
| 035 |
|
|
|a (OCoLC)965781421
|
| 040 |
|
|
|a DLC
|b eng
|e rda
|c DLC
|d OCLCQ
|d ORX
|d YDX
|d BDX
|d OCLCF
|d DLC
|d OQX
|d FM0
|d MEU
|d TXNPS
|d XFF
|d NHP
|d DYJ
|d NZD
|d GAP
|d TOH
|d TYPML
|d XFF
|d YDX
|d OCLCO
|d EHH
|d UKMGB
|d SINLB
|d OCLCQ
|d OCLCO
|d VP@
|d NYP
|d UCW
|
| 042 |
|
|
|a pcc
|a lcac
|
| 049 |
|
|
|a TXAM
|
| 050 |
0 |
0 |
|a PZ7.1.M6682
|b Th 2018
|
| 066 |
|
|
|c Zsym
|
| 082 |
0 |
4 |
|a 813/.6
|2 23
|
| 082 |
0 |
0 |
|a [E]
|2 23
|
| 100 |
1 |
|
|a Mora, Oge,
|e author,
|e illustrator.
|
| 245 |
1 |
0 |
|a Thank You, Omu! /
|c Oge Mora.
|
| 250 |
|
|
|a First edition.
|
| 264 |
|
1 |
|a New York :
|b Little, Brown and Company,
|c 2018.
|
| 264 |
|
4 |
|c ©2018
|
| 300 |
|
|
|a 32 unnumbered pages :
|b color illustrations ;
|c 29 cm
|
| 336 |
|
|
|a text
|b txt
|2 rdacontent
|
| 336 |
|
|
|a still image
|b sti
|2 rdacontent
|
| 337 |
|
|
|a unmediated
|b n
|2 rdamedia
|
| 338 |
|
|
|a volume
|b nc
|2 rdacarrier
|
| 546 |
|
|
|a Text in English.
|
| 520 |
|
|
|a When the aroma of Omu's homemade stew fills the air, her neighbors arrive, one by one, for a taste until all is gone except for her generous spirit.
|
| 586 |
|
|
|a American Library Association Notable Children's Bk
|
| 650 |
|
0 |
|a Neighborliness
|v Juvenile fiction.
|
| 650 |
|
0 |
|a Generosity
|v Juvenile fiction.
|
| 650 |
|
0 |
|a Stews
|v Juvenile fiction.
|
| 650 |
|
0 |
|a Neighbors
|v Juvenile fiction.
|
| 650 |
|
1 |
|a Neighborliness
|v Fiction.
|
| 650 |
|
1 |
|a Generosity
|v Fiction.
|
| 650 |
|
1 |
|a Stews
|v Fiction.
|
| 650 |
|
7 |
|a JUVENILE FICTION
|x General.
|2 bisacsh
|
| 650 |
|
7 |
|a Generosity.
|2 fast
|0 (OCoLC)fst00939983
|
| 650 |
|
7 |
|a Neighborliness.
|2 fast
|0 (OCoLC)fst01035631
|
| 650 |
|
7 |
|a Stews.
|2 fast
|0 (OCoLC)fst01133333
|
| 655 |
|
4 |
|a Picture books.
|
| 655 |
|
7 |
|a Fiction.
|2 fast
|0 (OCoLC)fst01423787
|
| 655 |
|
7 |
|a Juvenile works.
|2 fast
|0 (OCoLC)fst01411637
|
| 655 |
|
7 |
|a Children's stories
|v Pictorial works.
|2 gsafd
|
| 655 |
|
7 |
|a Picture books.
|2 lcgft
|
| 880 |
|
4 |
|6 264-00
|c �2018
|
| 945 |
|
|
|b 867466
|
| 947 |
|
|
|a A14850568495
|
| 948 |
|
|
|a Cataloged
|b h
|c 2019/1/30
|d c
|e LEverett
|f 2:33:24 PM
|
| 994 |
|
|
|a 92
|b TXA
|
| 999 |
f |
f |
|s 1f5d906e-7a5e-3fa0-90eb-5a38e2468895
|i 84e1df4a-a5a3-3644-967d-65188f90e2c9
|t 0
|
| 952 |
f |
f |
|p normal
|a Texas A&M University
|b College Station
|c Sterling C. Evans Library
|d Evans: Curriculum Collection (4th floor)
|t 0
|e PZ7.1.M6682 Th 2018
|h Library of Congress classification
|i unmediated -- volume
|m A14850568495
|
| 998 |
f |
f |
|a PZ7.1.M6682 Th 2018
|t 0
|l Evans: Curriculum Collection (4th floor)
|